Novinka na poistnom trhu - doplnkové zdravotné poistenie

Novinka Union poisťovne, a.s. - doplnkové zdravotné poistenie Zdravie Plus. Výhody - prístup k preventívnym prehliadkam nad rámec prehliadok určených zákonom, lepšia úroveň a dostupnosť ambulantnej starostlivosti, vyšší štandard nemocnicou poskytovaných služieb počas hospitalizácie. Union začína s p...

Descripción completa

Guardado en:
Detalles Bibliográficos
Formato: Capítulo de libro
Lenguaje:eslovaco
Materias:
Etiquetas: Agregar Etiqueta
Sin Etiquetas, Sea el primero en etiquetar este registro!

MARC

LEADER 00000naa$a2200000$$$4500
001 0022268
005 20230918115512.9
041 0 |a slo 
044 |a SK 
245 1 0 |a Novinka na poistnom trhu - doplnkové zdravotné poistenie 
520 |a Novinka Union poisťovne, a.s. - doplnkové zdravotné poistenie Zdravie Plus. Výhody - prístup k preventívnym prehliadkam nad rámec prehliadok určených zákonom, lepšia úroveň a dostupnosť ambulantnej starostlivosti, vyšší štandard nemocnicou poskytovaných služieb počas hospitalizácie. Union začína s predajom poistenia v Bratislavskom a Trnavskom kraji. 
610 2 0 |a trh poistný 
610 2 0 |a poistenie doplnkové 
610 2 0 |a poistenie zdravotné